000 00586nam a22001937a 4500
003 OSt
005 20260123145208.0
008 260123b |||||||| |||| 00| 0 eng d
040 _cSBCL
082 _a242.05
_bSYR-T
100 _aKannampuzha,Peter
245 _aThomas Christian Heritage
_bThe Family:Cradle of the Formation And Transmission of Faith and Morals
260 _aKochi
_bSyro -Malabar Liturgical Research Centre
_c2015
300 _a160 p.
630 _xReligion
650 _aChristian moral & devotional theology
650 _aDevotional literature
942 _cBOOK
999 _c137739
_d137739